| 000 | 00909nam a22002057a 4500 | ||
|---|---|---|---|
| 005 | 20111012121557.0 | ||
| 008 | 111012t xxu||||| |||| 00| 0 eng d | ||
| 010 | _aENG-103960 | ||
| 020 | _c25.00 | ||
| 035 | _aEN-87493 | ||
| 037 | _bDBAD/PUB | ||
| 040 |
_aDPL _bEng |
||
| 082 | _a346.5491018 | ||
| 245 |
_aThe majority act, 1875 (9 of 1875) along with the guardian and wards act, 1890 (8 of 1890) as amended by the personal laws (amendment) act, 2010 (30 of 2010) with short notes _heng |
||
| 260 |
_aDelhi _bUniversal Law Publishing _c2011 |
||
| 270 |
_aC-FF-1A, Dilkhush Industrial Estate, (Opp. Hans Cinema, Azadpur) G.T. Karnal Road, _bDelhi _e110033 |
||
| 300 |
_aiii,29,5p. _c24cm (pbk) |
||
| 942 |
_2ddc _cEN _h346.5491018 _mMAJ |
||
| 999 |
_c57575 _d57575 |
||